000 00325nam a2200157Ia 4500
100 _aPanneerselvam/R
250 _a4
942 _cBK
366 _f15
654 _aeconomics
245 _aEngineering Economics
260 _bPrentice Hall of India
_c2001
082 _a658.4003
_bPAN
546 _aENGLISH
999 _c27526
_d27526